[Event "6th EUR-ch (w)"]
[Site "Chisinau MDA"]
[Date "2005.06.15"]
[Round "5"]
[White "Cmilyte, Viktorija"]
[Black "Lomineishvili, Maia"]
[Result "1-0"]
[WhiteElo "2459"]
[BlackElo "2396"]
[EventDate "2005.06.10"]
[PlyCount "93"]

1.d4 Nf6 2.c4 e6 3.Nc3 Bb4 4.Qc2 O-O 5.a3 Bxc3+ 6.Qxc3 b6 7.Nf3 Bb7 8.e3 
d6 9.Be2 Nbd7 10.O-O Ne4 11.Qc2 f5 12.b4 Qf6 13.Ne1 c5 14.f3 Ng5 15.Bd2 
Qh6 16.dxc5 dxc5 17.Rd1 Rfd8 18.Nd3 Nf7 19.Nf4 Nf6 20.Bc1 e5 21.Nd5 Nxd5 
22.cxd5 cxb4 23.axb4 Nd6 24.e4 Qh4 25.Bd3 Rac8 26.Qe2 fxe4 27.fxe4 b5 28.
Rf3 Rf8 29.Rh3 Qe7 30.Be3 a5 31.bxa5 Nc4 32.Bf2 Ba6 33.Bxc4 bxc4 34.d6 Qe6
35.Bb6 Bb5 36.Rc3 Qd7 37.Qd2 Kh8 38.h3 Rf4 39.Qe2 Rcf8 40.Rd5 Ba6 41.Bc5 
Re8 42.Rf3 Rxf3 43.Qxf3 Kg8 44.Qc3 Qa4 45.d7 Rd8 46.Qxe5 c3 47.Qe7 1-0

[Event "6th EUR-ch (w)"]
[Site "Chisinau MDA"]
[Date "2005.06.15"]
[Round "5"]
[White "Vajda, Szidonia"]
[Black "Dzagnidze, Nana"]
[Result "0-1"]
[WhiteElo "2391"]
[BlackElo "2482"]
[EventDate "2005.06.10"]
[PlyCount "52"]

1.e4 c6 2.d4 d5 3.exd5 cxd5 4.c4 Nf6 5.Nc3 e6 6.Nf3 Bb4 7.cxd5 Nxd5 8.Bd2 
Nc6 9.Bd3 O-O 10.O-O Be7 11.a3 Bf6 12.Be3 Nxc3 13.bxc3 b6 14.Qe2 Bb7 15.
Rfd1 Qe7 16.Bf4 Rac8 17.Ne5 Nxe5 18.dxe5 Bg5 19.Bg3 Rxc3 20.h4 Bh6 21.a4 
Qc5 22.Qg4 Bd5 23.Bf1 Rb3 24.Rab1 Rc3 25.Rb4 Rxg3 26.Qxg3 Qxb4 0-1

[Event "6th EUR-ch (w)"]
[Site "Chisinau MDA"]
[Date "2005.06.15"]
[Round "5"]
[White "Kosintseva, Nadezhda"]
[Black "Hagarova, Zuzana"]
[Result "1-0"]
[WhiteElo "2459"]
[BlackElo "2386"]
[EventDate "2005.06.10"]
[PlyCount "75"]

1.e4 c5 2.Nf3 Nc6 3.Bb5 d6 4.d4 cxd4 5.Qxd4 Bd7 6.Bxc6 Bxc6 7.Nc3 Nf6 8.
Bg5 e6 9.O-O-O Be7 10.Qd3 O-O 11.Nd4 Rc8 12.f4 Qa5 13.h4 Rfe8 14.Kb1 a6 
15.Rh3 Ng4 16.Qe2 h5 17.Bxe7 Rxe7 18.Rg3 b5 19.a3 Bb7 20.f5 e5 21.f6 exd4 
22.Rxg4 g6 23.fxe7 dxc3 24.Rg3 Qc7 25.Rxc3 Qxe7 26.Rxc8+ Bxc8 27.Qe1 Bb7 
28.Rd4 Qe5 29.Qd2 Bxe4 30.Rxd6 Kh7 31.Rxa6 Bd5 32.b3 Qe4 33.Qc3 Qxg2 34.
Rd6 Qf3 35.Qd4 Be4 36.Kb2 Qe2 37.Qc3 Bxc2 38.Rd2 1-0

[Event "6th EUR-ch (w)"]
[Site "Chisinau MDA"]
[Date "2005.06.15"]
[Round "5"]
[White "Ushenina, Anna"]
[Black "Radziewicz, Iweta"]
[Result "1/2-1/2"]
[WhiteElo "2350"]
[BlackElo "2457"]
[EventDate "2005.06.10"]
[PlyCount "114"]

1.d4 Nf6 2.c4 c5 3.d5 d6 4.Nc3 g6 5.e4 Bg7 6.Nge2 h5 7.f3 Nbd7 8.Nf4 h4 9.
Nd3 Nb6 10.Nf2 Nh5 11.Bg5 Bf6 12.Be3 e5 13.Qd2 Nf4 14.g3 g5 15.a4 Bd7 16.
b4 cxb4 17.Nb5 Bxb5 18.cxb5 hxg3 19.hxg3 Rxh1 20.Nxh1 Ng6 21.Nf2 b3 22.Qb4
Nd7 23.Qxb3 Qa5+ 24.Bd2 Nc5 25.Qc4 Qd8 26.a5 Nf8 27.Ng4 Nfd7 28.Ne3 g4 29.
Nxg4 Bg5 30.Ne3 Bxe3 31.Bxe3 Qf6 32.Kf2 Ke7 33.Bh3 Rh8 34.Rh1 b6 35.a6 Qg7
36.Kg2 Nf6 37.Bf2 Rh5 38.Qc2 Qh8 39.Rh2 Qe8 40.Qc4 Qh8 41.Qc2 Qh7 42.g4 
Qg6 43.Kh1 Rh8 44.Qd2 Nfd7 45.Be3 Nb3 46.Qd1 Ndc5 47.Bf1 Rxh2+ 48.Kxh2 
Qh7+ 49.Kg2 Qh8 50.Bxc5 Nxc5 51.Qd2 Qh4 52.Qe3 Kf6 53.Qc1 Kg6 54.Be2 f6 
55.Bf1 Qg5 56.Qxg5+ Kxg5 57.Kg3 Nd7 1/2-1/2

[Event "6th EUR-ch (w)"]
[Site "Chisinau MDA"]
[Date "2005.06.15"]
[Round "5"]
[White "Ciuksyte, Dagne"]
[Black "Arakhamia-Grant, Ketevan"]
[Result "0-1"]
[WhiteElo "2356"]
[BlackElo "2452"]
[EventDate "2005.06.10"]
[PlyCount "74"]

1.e4 c5 2.Nf3 Nc6 3.d4 cxd4 4.Nxd4 Nf6 5.Nc3 e5 6.Ndb5 d6 7.Bg5 a6 8.Bxf6 
gxf6 9.Na3 f5 10.exf5 Bxf5 11.Nc4 Nd4 12.Ne3 Be6 13.Bd3 d5 14.Qh5 Bg7 15.
Rd1 e4 16.Be2 O-O 17.Ncxd5 Bxd5 18.Nxd5 Nxc2+ 19.Kf1 Nd4 20.h4 Rc8 21.Rh3 
f5 22.Nf4 Qd6 23.Rg3 Qxf4 24.Rxd4 Qxg3 25.fxg3 Bxd4 26.Qg5+ Kh8 27.b3 f4 
28.Bg4 fxg3+ 29.Ke2 Rc2+ 30.Kd1 Rxa2 31.Be2 Ra1+ 32.Kd2 Ra2+ 33.Kd1 e3 34.
Qe7 Rc8 35.Bc4 Rxg2 36.Ke1 Rf2 37.Qxb7 Rd8 0-1

[Event "6th EUR-ch (w)"]
[Site "Chisinau MDA"]
[Date "2005.06.15"]
[Round "5"]
[White "Peptan, Corina-Isabela"]
[Black "Bojkovic, Natasa"]
[Result "1-0"]
[WhiteElo "2435"]
[BlackElo "2371"]
[EventDate "2005.06.10"]
[PlyCount "145"]

1.e4 c5 2.Nf3 e6 3.d4 cxd4 4.Nxd4 a6 5.Bd3 Nf6 6.O-O Qc7 7.Qe2 d6 8.f4 Nc6
9.Nxc6 bxc6 10.c4 g6 11.b3 Bg7 12.Bb2 O-O 13.Nd2 Bb7 14.Nf3 c5 15.Rad1 
Rad8 16.Qe1 d5 17.e5 Ng4 18.Qe2 dxc4 19.Bxc4 Qc6 20.h3 Nh6 21.Bd3 Nf5 22.
Bxf5 gxf5 23.Qf2 Rd5 24.Rc1 Rfd8 25.Ba3 Bf8 26.Kh2 h6 27.Rc2 Rc8 28.Rfc1 
Kh7 29.Qh4 Qd7 30.Qf2 Rd3 31.Ne1 Rd4 32.Bxc5 Bxc5 33.Rxc5 Rd2 34.Qe3 Rg8 
35.R5c2 Rxc2 36.Rxc2 Be4 37.Rd2 Qb5 38.Qe2 Qb4 39.Qe3 Bd5 40.Qd4 Qb5 41.
Rf2 Qc6 42.Nf3 Qc1 43.Qd2 Qc5 44.Nd4 Be4 45.Qe3 Rc8 46.Re2 a5 47.a4 Qb4 
48.Nb5 Rg8 49.Qc3 Qe7 50.Nd6 Bd5 51.Rd2 Ba8 52.Qe3 Qc7 53.Rf2 Bd5 54.Rd2 
Ba8 55.Qd3 Qc6 56.Qc2 Qb6 57.Qc3 Bd5 58.Rb2 Qa7 59.Qd3 Qa8 60.Qf1 Qa7 61.
Qg1 Qc7 62.Nc4 Kh8 63.Qb6 Qe7 64.Ne3 Be4 65.Nf1 Qa3 66.Qd4 Qa1 67.Ng3 Bd5 
68.Qf2 Kh7 69.Rd2 Qc3 70.Nh5 Rxg2+ 71.Qxg2 Bxg2 72.Nf6+ Kh8 73.Rd8+ 1-0

[Event "6th EUR-ch (w)"]
[Site "Chisinau MDA"]
[Date "2005.06.15"]
[Round "5"]
[White "Matveeva, Svetlana"]
[Black "Demina, Yulia"]
[Result "1/2-1/2"]
[WhiteElo "2423"]
[BlackElo "2346"]
[EventDate "2005.06.10"]
[PlyCount "67"]

1.d4 d5 2.c4 c6 3.Nc3 Nf6 4.e3 e6 5.Nf3 Nbd7 6.Qc2 Bd6 7.Bd2 O-O 8.O-O-O 
e5 9.cxd5 cxd5 10.Nb5 Bb8 11.Bb4 Re8 12.Kb1 e4 13.Nd2 Nf8 14.Rc1 Ne6 15.
Nb3 a6 16.Ba5 Qd7 17.Nc7 Nxc7 18.Bxc7 Re7 19.Bxb8 Rxb8 20.h3 h5 21.Be2 b6 
22.Qc6 Qd8 23.Rc2 Bb7 24.Qa4 Rc7 25.Rxc7 Qxc7 26.Qb4 a5 27.Qd2 Rc8 28.a3 
Qd7 29.Rc1 Rxc1+ 30.Nxc1 Qd6 31.Qc2 g6 32.Bb5 Kf8 33.Ne2 Ne8 34.Nf4 
1/2-1/2

[Event "6th EUR-ch (w)"]
[Site "Chisinau MDA"]
[Date "2005.06.15"]
[Round "5"]
[White "Kachiani-Gersinska, Ketino"]
[Black "Zozulia, Anna"]
[Result "1-0"]
[WhiteElo "2418"]
[BlackElo "2343"]
[EventDate "2005.06.10"]
[PlyCount "39"]

1.d4 Nf6 2.c4 g6 3.Nc3 Bg7 4.e4 O-O 5.Be2 c6 6.e5 Ne8 7.f4 d6 8.Be3 Nc7 9.
Nf3 Nd7 10.O-O dxe5 11.dxe5 Ne6 12.Ne4 Qc7 13.c5 Bh6 14.Bc4 Bxf4 15.Bxf4 
Nxf4 16.Qd2 Nd5 17.Qh6 f6 18.e6 Rd8 19.exd7 Qxd7 20.Nfg5 1-0

[Event "6th EUR-ch (w)"]
[Site "Chisinau MDA"]
[Date "2005.06.15"]
[Round "5"]
[White "Stepovaya, Tatiana"]
[Black "Khurtsidze, Nino"]
[Result "1/2-1/2"]
[WhiteElo "2348"]
[BlackElo "2418"]
[EventDate "2005.06.10"]
[PlyCount "44"]

1.e4 c5 2.Nf3 e6 3.d4 cxd4 4.Nxd4 Nf6 5.Nc3 d6 6.g3 a6 7.Bg2 Be7 8.O-O Qc7
9.Be3 O-O 10.g4 Nc6 11.Nxc6 bxc6 12.g5 Nd7 13.f4 Re8 14.Qd2 a5 15.b3 Ba6 
16.Rf3 d5 17.Rh3 Bc5 18.Bxc5 Nxc5 19.Qf2 Nd7 20.Bf1 Qd6 21.Bxa6 Rxa6 22.
Rd1 Qb4 1/2-1/2

[Event "6th EUR-ch (w)"]
[Site "Chisinau MDA"]
[Date "2005.06.15"]
[Round "5"]
[White "Petrenko, Svetlana"]
[Black "Kononenko, Tatiana"]
[Result "1/2-1/2"]
[WhiteElo "2348"]
[BlackElo "2416"]
[EventDate "2005.06.10"]
[PlyCount "34"]

1.e4 e6 2.d4 d5 3.Nd2 c5 4.dxc5 Bxc5 5.Nb3 Bb6 6.exd5 exd5 7.Bd3 Nf6 8.
Qe2+ Be6 9.Nf3 O-O 10.Be3 Nc6 11.c3 Re8 12.Bxb6 Qxb6 13.O-O Bg4 14.Qd1 a5 
15.Rb1 a4 16.Nbd2 d4 17.Qc2 dxc3 1/2-1/2

[Event "6th EUR-ch (w)"]
[Site "Chisinau MDA"]
[Date "2005.06.15"]
[Round "5"]
[White "Danielian, Elina"]
[Black "Houska, Jovanka"]
[Result "1/2-1/2"]
[WhiteElo "2415"]
[BlackElo "2334"]
[EventDate "2005.06.10"]
[PlyCount "34"]

1.d4 d5 2.c4 c6 3.Nc3 Nf6 4.e3 e6 5.Nf3 Nbd7 6.Qc2 b6 7.Bd3 Bb7 8.O-O dxc4
9.Bxc4 c5 10.Rd1 Bxf3 11.gxf3 cxd4 12.Rxd4 Bc5 13.Rd2 O-O 14.b3 Qe7 15.Bb2
Rac8 16.Ba6 Rcd8 17.Ne4 Nxe4 1/2-1/2

[Event "6th EUR-ch (w)"]
[Site "Chisinau MDA"]
[Date "2005.06.15"]
[Round "5"]
[White "Pahtz, Elisabeth"]
[Black "Velikhanli, Firuza"]
[Result "1/2-1/2"]
[WhiteElo "2407"]
[BlackElo "2303"]
[EventDate "2005.06.10"]
[PlyCount "119"]

1.e4 c5 2.Nc3 Nc6 3.Bb5 g6 4.Bxc6 dxc6 5.d3 Bg7 6.Be3 b6 7.Qd2 e5 8.f4 
exf4 9.Bxf4 Nf6 10.Nf3 O-O 11.O-O-O Re8 12.h3 a5 13.Rhf1 a4 14.Bg5 Qc7 15.
Ng1 Nd7 16.Qf2 Ne5 17.Bf6 a3 18.b3 Qd6 19.Bxg7 Kxg7 20.Qh4 Ra7 21.Rf2 Rae7
22.Qf4 Qd4 23.Nge2 Qd6 24.Rdf1 Qd8 25.Qf6+ Kg8 26.Qh4 Kg7 27.Qf6+ Kg8 28.
Nb1 Ra7 29.Qxd8 Rxd8 30.Ng1 Be6 31.Nf3 Nxf3 32.Rxf3 Kg7 33.Nc3 Rad7 34.Ne2
Re7 35.Nf4 Bc8 36.Ne2 Be6 37.Nc3 Red7 38.Na4 Rb8 39.R1f2 Rbb7 40.Rd2 Rd8 
41.Kd1 Rbb8 42.Ke2 Rb7 43.Re3 Ra8 44.Rd1 Kf8 45.Kf3 Kg7 46.Kf4 Rd8 47.Ree1
h6 48.Ke3 Kf6 49.Rf1+ Kg7 50.Rd2 Re8 51.Kf3 Ree7 52.Rfd1 Re8 53.Kf4 Ree7 
54.c4 f5 55.exf5 Bxf5 56.g4 g5+ 57.Kf3 Bg6 58.Re2 Rf7+ 59.Kg3 Rf4 60.Re3 
1/2-1/2

[Event "6th EUR-ch (w)"]
[Site "Chisinau MDA"]
[Date "2005.06.15"]
[Round "5"]
[White "Vasilevich, Irina"]
[Black "Foisor, Cristina"]
[Result "1/2-1/2"]
[WhiteElo "2347"]
[BlackElo "2406"]
[EventDate "2005.06.10"]
[PlyCount "76"]

1.e4 c6 2.d4 g6 3.Nf3 Bg7 4.h3 d6 5.Be2 Nd7 6.O-O Qc7 7.Re1 e5 8.a4 Ngf6 
9.dxe5 dxe5 10.Bf1 O-O 11.Nbd2 Nc5 12.b4 Ne6 13.Bb2 Nd7 14.a5 Rd8 15.Qb1 
Rb8 16.Ra3 b6 17.axb6 axb6 18.Qa1 b5 19.Ra7 Rb7 20.Ra5 Qd6 21.c4 Qxb4 22.
Bc3 Qe7 23.cxb5 c5 24.Nc4 Nd4 25.Bxd4 cxd4 26.Rb1 Nb6 27.Nfd2 Be6 28.Ra6 
Nxc4 29.Nxc4 Bxc4 30.Bxc4 Rdb8 31.Qa5 Qc7 32.Qxc7 Rxc7 33.Bd5 Bf8 34.b6 
Rd7 35.Kf1 Rd6 36.Ra7 Rdxb6 37.Rxb6 Rxb6 38.Rxf7 Rd6 1/2-1/2

[Event "6th EUR-ch (w)"]
[Site "Chisinau MDA"]
[Date "2005.06.15"]
[Round "5"]
[White "Muzychuk, Maria"]
[Black "Dembo, Yelena"]
[Result "1/2-1/2"]
[WhiteElo "2059"]
[BlackElo "2402"]
[EventDate "2005.06.10"]
[PlyCount "105"]

1.e4 c5 2.Nc3 Nc6 3.f4 g6 4.Nf3 Bg7 5.d3 d6 6.g3 Nd4 7.Bg2 e6 8.O-O Ne7 9.
Be3 O-O 10.e5 Nef5 11.Bf2 Nxf3+ 12.Qxf3 Nd4 13.Qd1 d5 14.Ne2 Nxe2+ 15.Qxe2
b6 16.a4 f6 17.c3 fxe5 18.fxe5 Ba6 19.Bh3 Qe7 20.b4 cxb4 21.cxb4 d4 22.b5 
Bb7 23.Bxd4 Qd7 24.Bb2 Rfd8 25.d4 Rac8 26.Bg2 Bxg2 27.Qxg2 Bh6 28.Kh1 Rc4 
29.Rfe1 Rdc8 30.Re2 Bc1 31.h3 Bxb2 32.Rxb2 Qxd4 33.Rf1 Rc1 34.Rxc1 Rxc1+ 
35.Kh2 Kg7 36.Rd2 Qe3 37.Rd7+ Kh6 38.Qd2 Qxd2+ 39.Rxd2 Ra1 40.Rd4 Kg5 41.
Rf4 Ra2+ 42.Kg1 h5 43.h4+ Kh6 44.Kf1 g5 45.Rf6+ Kg7 46.hxg5 Rxa4 47.Rxe6 
Ra5 48.Re7+ Kg6 49.e6 Rxb5 50.Rxa7 Rf5+ 51.Kg2 Rxg5 52.e7 Kf7 53.Kh3 
1/2-1/2

[Event "6th EUR-ch (w)"]
[Site "Chisinau MDA"]
[Date "2005.06.15"]
[Round "5"]
[White "Shumiakina, Tatiana"]
[Black "Korbut, Ekaterina"]
[Result "1-0"]
[WhiteElo "2316"]
[BlackElo "2399"]
[EventDate "2005.06.10"]
[PlyCount "69"]

1.d4 g6 2.g3 Bg7 3.Bg2 f5 4.c4 Nf6 5.Nc3 O-O 6.Nh3 d6 7.d5 Nbd7 8.O-O Ne5 
9.Qc2 Bd7 10.b3 c6 11.Bb2 Rc8 12.Rad1 cxd5 13.Nxd5 Ne8 14.Ndf4 e6 15.Bxb7 
Rc7 16.Bg2 Qe7 17.Qd2 Rf7 18.Ba3 Bf8 19.Nd3 Ng4 20.e4 fxe4 21.Bxe4 Bc6 22.
Bxc6 Rxc6 23.Qe2 Nh6 24.Ne5 Ra6 25.Nxf7 Rxa3 26.Nxh6+ Bxh6 27.Rfe1 Nc7 28.
Qd3 Bf8 29.Re2 Qf6 30.Nf4 g5 31.Nxe6 Nxe6 32.Qd5 Qf7 33.Rxe6 Rxa2 34.Qxg5+
Bg7 35.Qd8+ 1-0

[Event "6th EUR-ch (w)"]
[Site "Chisinau MDA"]
[Date "2005.06.15"]
[Round "5"]
[White "Zayats, Elena"]
[Black "Kursova, Maria"]
[Result "1-0"]
[WhiteElo "2398"]
[BlackElo "2300"]
[EventDate "2005.06.10"]
[PlyCount "131"]

1.d4 Nf6 2.c4 e6 3.Nc3 Bb4 4.e3 O-O 5.Ne2 d5 6.a3 Be7 7.cxd5 exd5 8.b4 Bf5
9.Ng3 Bg6 10.Be2 Ne8 11.Qb3 c6 12.b5 Nd7 13.a4 Nd6 14.a5 Rc8 15.bxc6 bxc6 
16.O-O Nf6 17.Ba3 h5 18.Rfc1 h4 19.Nf1 h3 20.g3 Nf5 21.Qd1 Bxa3 22.Rxa3 
Nd6 23.Nb1 Nc4 24.Ra2 Rb8 25.Nfd2 Ne4 26.Nxe4 Bxe4 27.Bf1 Qd7 28.Nd2 Nb2 
29.Qh5 Bf5 30.Nf3 f6 31.Nh4 Bg4 32.Qg6 Rb3 33.f3 Be6 34.Rb1 Rfb8 35.Qc2 
Qb7 36.a6 Qb6 37.Ng6 Nc4 38.Rxb3 Qxb3 39.Qxb3 Rxb3 40.Ne7+ Kf7 41.Nxc6 Bd7
42.Nxa7 Nxe3 43.Be2 Nc4 44.Kf2 Rb8 45.Bxc4 dxc4 46.d5 c3 47.Ke3 Rb2 48.Ra1
c2 49.Rc1 Ke7 50.Nc6+ Kd6 51.a7 Bxc6 52.dxc6 Ra2 53.Rxc2 Ra3+ 54.Kf4 Kc7 
55.Kg4 Rxa7 56.Kxh3 Ra4 57.f4 g6 58.Kg4 Ra5 59.h4 Ra3 60.f5 Ra4+ 61.Kf3 
gxf5 62.h5 Ra1 63.Rh2 Kxc6 64.h6 Ra8 65.Kf4 Kd6 66.h7 1-0

[Event "6th EUR-ch (w)"]
[Site "Chisinau MDA"]
[Date "2005.06.15"]
[Round "5"]
[White "Vasylevich, Tatiana"]
[Black "Grabuzova, Tatiana"]
[Result "1/2-1/2"]
[WhiteElo "2395"]
[BlackElo "2327"]
[EventDate "2005.06.10"]
[PlyCount "151"]

1.d4 e6 2.c4 b6 3.a3 Bb7 4.Nc3 f5 5.d5 Nf6 6.g3 Na6 7.Bg2 Nc5 8.Nh3 Nce4 
9.Nxe4 fxe4 10.dxe6 dxe6 11.Qc2 Qd7 12.O-O a5 13.Bg5 Qc6 14.Bxf6 gxf6 15.
Qc3 Bg7 16.f4 exf3 17.Bxf3 Qc5+ 18.Kg2 Bxf3+ 19.exf3 O-O 20.Nf4 Rae8 21.
Rfe1 f5 22.Qc2 e5 23.Nd5 b5 24.Rac1 c6 25.Ne3 e4 26.cxb5 Qxc2+ 27.Rxc2 
exf3+ 28.Kxf3 cxb5 29.Rd1 Bh6 30.Nd5 Re5 31.Rc5 Kf7 32.Rxb5 a4 33.Rb7+ Kg8
34.Rb4 Re4 35.Rdd4 Bg7 36.Rxe4 fxe4+ 37.Kxe4 Rf2 38.Rxa4 Rxb2 39.Ra8+ Bf8 
40.Ra7 Rxh2 41.a4 Bc5 42.Rc7 Bd6 43.Nf6+ Kf8 44.Nxh7+ Kg8 45.Nf6+ Kf8 46.
Rc3 Ra2 47.Nd7+ Ke8 48.Nb6 Rg2 49.a5 Bxg3 50.Kd5 Ra2 51.Rc8+ Ke7 52.Ra8 
Be1 53.a6 Bf2 54.Nc4 Kd7 55.Ne5+ Kc7 56.Nd3 Kb6 57.Nb4 Ra4 58.Rb8+ Kc7 59.
Rb7+ Kc8 60.Kc6 Ra1 61.Rf7 Rc1+ 62.Kb5 Bg1 63.Rf8+ Kd7 64.Rg8 Rb1 65.Rb8 
Ra1 66.Rb7+ Kc8 67.Nd5 Rb1+ 68.Nb4 Bf2 69.Rf7 Be1 70.a7 Rxb4+ 71.Kc6 Rc4+ 
72.Kb5 Rb4+ 73.Kc6 Rc4+ 74.Kb6 Rb4+ 75.Kc6 Rc4+ 76.Kb5 1/2-1/2

[Event "6th EUR-ch (w)"]
[Site "Chisinau MDA"]
[Date "2005.06.15"]
[Round "5"]
[White "Vozovic, Oksana"]
[Black "Klinova, Masha"]
[Result "1/2-1/2"]
[WhiteElo "2288"]
[BlackElo "2391"]
[EventDate "2005.06.10"]
[PlyCount "64"]

1.b3 Nf6 2.Bb2 d5 3.e3 Bf5 4.Be2 e6 5.g4 Bg6 6.h4 h5 7.g5 Nfd7 8.Nh3 e5 9.
d4 exd4 10.Bxd4 Nc6 11.Bb2 Nb4 12.Na3 c6 13.c3 Na6 14.Nc2 Bd6 15.Nd4 Nac5 
16.Nf4 Ne5 17.b4 Ne4 18.Rg1 Nc4 19.Bxc4 dxc4 20.Nxg6 fxg6 21.Qc2 Qe7 22.f3
Ng3 23.Qxg6+ Kd7 24.Kf2 Rae8 25.Rae1 Qe5 26.f4 Ne4+ 27.Ke2 Nxc3+ 28.Kd2 
Qe4 29.Qxe4 Nxe4+ 30.Kc2 Bxb4 31.Re2 Rhf8 32.Rd1 Kc8 1/2-1/2

[Event "6th EUR-ch (w)"]
[Site "Chisinau MDA"]
[Date "2005.06.15"]
[Round "5"]
[White "Socko, Monika"]
[Black "Melnikova, Yana"]
[Result "1/2-1/2"]
[WhiteElo "2464"]
[BlackElo "2301"]
[EventDate "2005.06.10"]
[PlyCount "130"]

1.d4 Nf6 2.c4 g6 3.Nc3 Bg7 4.e4 d6 5.Nge2 c5 6.d5 O-O 7.Ng3 e6 8.Be2 exd5 
9.exd5 Re8 10.O-O Nfd7 11.Bf4 Ne5 12.Qd2 f5 13.Bg5 Qb6 14.Rae1 Bd7 15.h4 
Qb4 16.h5 Na6 17.hxg6 hxg6 18.Rc1 Nc7 19.b3 Rab8 20.Qc2 b5 21.a3 Qa5 22.
Bd2 Qb6 23.Rfe1 a6 24.Nf1 Rf8 25.f4 Nf7 26.Qd3 Ne8 27.Qg3 Bd4+ 28.Be3 Kh7 
29.Qf2 Nf6 30.Bf3 Bxe3 31.Rxe3 Rfe8 32.Rce1 Rxe3 33.Rxe3 Kg7 34.Nd2 Re8 
35.Rxe8 Bxe8 36.b4 Nd7 37.cxb5 cxb4 38.axb4 axb5 39.Be2 Qc7 40.Qd4+ Nf6 
41.Bxb5 Bxb5 42.Nxb5 Qc1+ 43.Nf1 g5 44.fxg5 Qxg5 45.Nc7 Kg6 46.Ne6 Qg4 47.
Nf4+ Kg5 48.Ne6+ Kg6 49.Qxg4+ fxg4 50.Ne3 Ne5 51.b5 Ned7 52.Nf4+ Kg5 53.g3
Nb6 54.Kg2 Ne4 55.Ne6+ Kh5 56.Ng7+ Kg5 57.Ne8 Kh5 58.Nc7 Nc3 59.Nf5 Ne4 
60.Ne7 Nc3 61.Nf5 Ne4 62.Ne8 Nc4 63.Ne7 Nc3 64.Nc7 Nb6 65.Nf5 Ne4 1/2-1/2

[Event "6th EUR-ch (w)"]
[Site "Chisinau MDA"]
[Date "2005.06.15"]
[Round "5"]
[White "Malysheva, Polina"]
[Black "Slavina, Irina"]
[Result "0-1"]
[WhiteElo "2301"]
[BlackElo "2415"]
[EventDate "2005.06.10"]
[PlyCount "108"]

1.e4 e5 2.Nf3 Nc6 3.Bb5 a6 4.Ba4 Nf6 5.O-O b5 6.Bb3 Bb7 7.d4 Nxd4 8.Nxd4 
exd4 9.e5 Ne4 10.Qf3 d5 11.exd6 Qf6 12.Re1 Bxd6 13.Nd2 O-O 14.Nxe4 Qg6 15.
Nf6+ Qxf6 16.Qxb7 c5 17.c4 dxc3 18.bxc3 c4 19.Bc2 Qxc3 20.Qe4 f5 21.Qd5+ 
Kh8 22.Bg5 Bxh2+ 23.Kxh2 Qxc2 24.Kg1 Rae8 25.Qd4 Qd3 26.Qxd3 cxd3 27.Rad1 
h6 28.Be3 Re6 29.Rxd3 Rc8 30.Red1 Rc2 31.a3 Rc4 32.Rd7 f4 33.Bd4 Rg6 34.
Kf1 Kg8 35.Re1 Kf8 36.Re5 Rg4 37.Bc5+ Kg8 38.Bb4 Rg6 39.Rc5 Rxc5 40.Bxc5 
Rc6 41.Bb4 Re6 42.Rd6 Kf7 43.Rd7+ Kg8 44.Rd8+ Kf7 45.Rd6 Rxd6 46.Bxd6 g5 
47.Ke2 Kg6 48.Kd3 Kf5 49.Kd4 h5 50.Kc5 g4 51.Be7 Ke4 52.Kb6 Kd3 53.g3 f3 
54.Kxa6 h4 0-1

[Event "6th EUR-ch (w)"]
[Site "Chisinau MDA"]
[Date "2005.06.15"]
[Round "5"]
[White "Collas, Silvia"]
[Black "Hryhorenko, Natalia"]
[Result "1/2-1/2"]
[WhiteElo "2381"]
[BlackElo "2294"]
[EventDate "2005.06.10"]
[PlyCount "27"]

1.Nf3 d5 2.d4 Nf6 3.c4 c6 4.Nc3 g6 5.e3 Bg7 6.Be2 O-O 7.O-O Be6 8.Qb3 Qb6 
9.Bd2 dxc4 10.Bxc4 Bxc4 11.Qxc4 Nbd7 12.b4 Ne8 13.Rab1 e5 14.dxe5 1/2-1/2

[Event "6th EUR-ch (w)"]
[Site "Chisinau MDA"]
[Date "2005.06.15"]
[Round "5"]
[White "Schuurman, Petra"]
[Black "Matnadze, Ana"]
[Result "1-0"]
[WhiteElo "2288"]
[BlackElo "2376"]
[EventDate "2005.06.10"]
[PlyCount "159"]

1.d4 Nf6 2.c4 e6 3.Nc3 Bb4 4.Qc2 d5 5.cxd5 Qxd5 6.Nf3 Qf5 7.Qxf5 exf5 8.a3
Bd6 9.Nb5 Be6 10.e3 Nbd7 11.Bd3 a6 12.Nxd6+ cxd6 13.Bd2 Nb6 14.Ke2 Kd7 15.
Ng5 Rac8 16.Nxe6 fxe6 17.Rhc1 Nbd5 18.f3 Ne7 19.b4 Rxc1 20.Rxc1 Rc8 21.
Rxc8 Kxc8 22.b5 axb5 23.Bxb5 Kc7 24.Ba5+ b6 25.Be1 Nc6 26.Kd3 Nd7 27.h3 
Nf6 28.g4 g6 29.Bh4 Nd7 30.Bc4 Nf8 31.Be1 Ne7 32.Bb5 Nd7 33.Bh4 Nc6 34.Bc4
Nf8 35.Bg3 Kd7 36.Bb3 b5 37.e4 fxe4+ 38.fxe4 g5 39.h4 h6 40.hxg5 hxg5 41.
a4 bxa4 42.Bxa4 Kc7 43.Bf2 Nh7 44.Be3 Ne7 45.Be8 Kd8 46.Bf7 Kd7 47.d5 e5 
48.Bd2 Nf8 49.Bxg5 Neg6 50.Bxg6 Nxg6 51.Ke3 Ke8 52.Kf3 Kf7 53.Kg3 Nf8 54.
Kh4 Nd7 55.Kg3 Nc5 56.Kf3 Nd7 57.Bd8 Nc5 58.Bb6 Nb3 59.Be3 Na5 60.Ke2 Nc4 
61.Bc1 Kg6 62.Kd3 Na5 63.Ba3 Nb7 64.Ke2 Kf6 65.Kf3 Kg5 66.Kg3 Kf6 67.Kh4 
Kg6 68.Bb4 Kf7 69.g5 Kg6 70.Kg4 Kg7 71.Kf5 Kf7 72.g6+ Ke7 73.Kg5 Kf8 74.
Kf6 Kg8 75.g7 Nd8 76.Bxd6 Nb7 77.Bb4 Nd8 78.d6 Kh7 79.d7 Nc6 80.Ba5 1-0

[Event "6th EUR-ch (w)"]
[Site "Chisinau MDA"]
[Date "2005.06.15"]
[Round "5"]
[White "Pokorna, Regina"]
[Black "Sharevich, Anna"]
[Result "1-0"]
[WhiteElo "2374"]
[BlackElo "2278"]
[EventDate "2005.06.10"]
[PlyCount "111"]

1.e4 c5 2.Nf3 e6 3.d4 cxd4 4.Nxd4 a6 5.Bd3 g6 6.O-O Bg7 7.Nb3 d6 8.c4 Nf6 
9.Nc3 O-O 10.Be3 Nbd7 11.Be2 Qc7 12.Rc1 b6 13.f3 Bb7 14.Qd2 Rfe8 15.Rfd1 
Bf8 16.Qd4 Be7 17.Kh1 Rac8 18.Qd2 Qb8 19.Bf1 Ba8 20.Qf2 Bd8 21.Bf4 Bc7 22.
Qd2 Ne5 23.Bg5 Ned7 24.Bf4 Ne5 25.Bg5 Ned7 26.Qd4 Nh5 27.g4 Ng7 28.Bg2 Bc6
29.Bh6 f6 30.Qd2 Ne5 31.Nd4 Bd7 32.Qe2 Nf7 33.Be3 g5 34.b4 Ne5 35.Nb3 Rcd8
36.b5 a5 37.Na4 Rc8 38.Qf2 Bd8 39.Bf1 f5 40.exf5 exf5 41.gxf5 Bxf5 42.Bxb6
Nxf3 43.Bxd8 Rcxd8 44.Bg2 g4 45.Nd4 Qa7 46.b6 Qf7 47.Nc3 Nxd4 48.Rxd4 Qh5 
49.Nd5 Rf8 50.Rf1 Rd7 51.Rf4 Kh8 52.Kg1 Rdf7 53.Qb2 Bc8 54.Rxf7 Rxf7 55.b7
g3 56.bxc8=Q+ 1-0

[Event "6th EUR-ch (w)"]
[Site "Chisinau MDA"]
[Date "2005.06.15"]
[Round "5"]
[White "Kostiuk, Tatiana"]
[Black "Guseva, Marina"]
[Result "1/2-1/2"]
[WhiteElo "2313"]
[BlackElo "2264"]
[EventDate "2005.06.10"]
[PlyCount "112"]

1.d4 d5 2.c4 e6 3.Nc3 c6 4.Nf3 dxc4 5.a4 Bb4 6.e3 b5 7.Bd2 a5 8.axb5 Bxc3 
9.Bxc3 cxb5 10.b3 Bb7 11.bxc4 b4 12.Bb2 Nf6 13.Bd3 O-O 14.O-O Nbd7 15.Re1 
Ne4 16.Nd2 Nxd2 17.Qxd2 e5 18.Qc2 h6 19.Bf5 Qc7 20.Bxd7 Qxd7 21.d5 e4 22.
Qxe4 a4 23.Qd4 f5 24.Rab1 b3 25.Ba3 Rf6 26.f3 Rg6 27.Rbd1 Rd8 28.Rd2 Qe8 
29.e4 fxe4 30.fxe4 Rg4 31.Rde2 Qg6 32.h3 Rf4 33.Qe3 Qf7 34.Rf2 Rxf2 35.
Qxf2 Qc7 36.c5 Rf8 37.Qd4 Rd8 38.Qc3 Qe7 39.Qb4 Rb8 40.Qc3 Re8 41.Qd4 Rd8 
42.Ra1 Bc6 43.Qc4 Be8 44.c6 Qa7+ 45.Bc5 b2 46.Rf1 Qb8 47.Qa2 Bf7 48.Rb1 
Qb5 49.Bd4 Qxc6 50.Qxb2 Qg6 51.Re1 Re8 52.Qb1 a3 53.Kh2 a2 54.Qxa2 Rxe4 
55.Rxe4 Qxe4 56.Qb2 Bxd5 1/2-1/2

[Event "6th EUR-ch (w)"]
[Site "Chisinau MDA"]
[Date "2005.06.15"]
[Round "5"]
[White "Bensdorp, Marlies"]
[Black "Kochetkova, Yulia"]
[Result "1/2-1/2"]
[WhiteElo "2232"]
[BlackElo "2311"]
[EventDate "2005.06.10"]
[PlyCount "195"]

1.d4 Nf6 2.c4 e6 3.Nc3 Bb4 4.Qc2 O-O 5.a3 Bxc3+ 6.Qxc3 b6 7.Bg5 Bb7 8.e3 
d6 9.f3 Nbd7 10.Bd3 c5 11.Ne2 Rc8 12.Qd2 cxd4 13.exd4 e5 14.d5 Nc5 15.Bc2 
e4 16.O-O exf3 17.Bxf6 Qxf6 18.Rxf3 Qe5 19.Re3 Qf6 20.Rf1 Qh6 21.Nf4 f5 
22.Qe2 Qf6 23.b4 Nd7 24.Ne6 Rf7 25.Bxf5 g6 26.Ng5 gxf5 27.Nxf7 Kxf7 28.
Qh5+ Kg8 29.Rxf5 Qd4 30.Qg5+ Kh8 31.Qf4 Qxf4 32.Rxf4 Ne5 33.Rh4 Rc7 34.Rh6
Rxc4 35.h3 Nf7 36.Rf6 Bxd5 37.Re7 Kg7 38.Rxd6 Kf8 39.Rdd7 Rc2 40.Rxa7 
Rxg2+ 41.Kf1 Rb2 42.h4 Kg7 43.Re5 Bc4+ 44.Kg1 Kf6 45.Re3 Rb1+ 46.Kh2 Ne5 
47.Kg3 Bd5 48.Rxh7 Rg1+ 49.Kf2 Rg2+ 50.Kf1 Ng4 51.Rc3 Rb2 52.Rhc7 Ke5 53.
h5 Rh2 54.Rg7 Kf4 55.Rg6 Bf3 56.Rc4+ Kg3 57.Ke1 Re2+ 58.Kf1 Re5 59.Rc3 
Rxh5 60.Ke1 Rd5 61.Rxf3+ Kxf3 62.Rxb6 Ne3 63.Rf6+ Ke4 64.Ke2 Nc4 65.Re6+ 
Kf5 66.Rc6 Rd2+ 67.Ke1 Rd4 68.Ke2 Nxa3 69.Ke3 Rxb4 70.Rc5+ Ke6 71.Kd3 Nb5 
72.Rh5 Nd6 73.Kc3 Rf4 74.Kd3 Nf5 75.Rh8 Kd5 76.Rd8+ Nd6 77.Ke3 Rf7 78.Ke2 
Ra7 79.Kf3 Ke5 80.Rh8 Ra3+ 81.Ke2 Nf5 82.Re8+ Kf4 83.Kd2 Ne3 84.Rf8+ Ke4 
85.Re8+ Kd4 86.Rd8+ Nd5 87.Ke2 Rh3 88.Kf2 Rh5 89.Ke2 Rf5 90.Rd7 Re5+ 91.
Kd2 Rh5 92.Ke2 Ke4 93.Kf2 Rh8 94.Ra7 Rh2+ 95.Kg3 Rd2 96.Ra4+ Kf5 97.Ra8 
Rd3+ 98.Kf2 1/2-1/2

[Event "6th EUR-ch (w)"]
[Site "Chisinau MDA"]
[Date "2005.06.15"]
[Round "5"]
[White "Purtseladze, Maka"]
[Black "Chulivska, Vita"]
[Result "1-0"]
[WhiteElo "2311"]
[BlackElo "2262"]
[EventDate "2005.06.10"]
[PlyCount "59"]

1.d4 Nf6 2.c4 c5 3.d5 b5 4.cxb5 a6 5.bxa6 g6 6.Nc3 Bxa6 7.g3 Bg7 8.Bg2 d6 
9.Nf3 O-O 10.O-O Nbd7 11.Rb1 Qa5 12.Qc2 Ng4 13.Bd2 Nb6 14.b3 c4 15.h3 Ne5 
16.Na4 Nxf3+ 17.Bxf3 Qb5 18.Nxb6 Qxb6 19.bxc4 Qc5 20.Rfc1 Rfc8 21.Rb4 Rab8
22.Rxb8 Rxb8 23.Be3 Qa5 24.c5 dxc5 25.Qxc5 Qxa2 26.Qxe7 Bxe2 27.Bf4 Bxf3 
28.Bxb8 Bf8 29.Qf6 Qa3 30.Ra1 1-0